Tradición política española e ideología revolucionaria de mayo /
Guardado en:
| Autor Principal: | |
|---|---|
| Formato: | Libro |
| Publicado: |
Argentina :
Eudeba,
1961
|
| Materias: | |
| Etiquetas: |
Agregar Etiqueta
Sin Etiquetas, Sea el primero en etiquetar este registro!
|
| LEADER | 00570nam a22001695a 4500 | ||
|---|---|---|---|
| 001 | CEM.cems003146 | ||
| 005 | 19000101000000.0 | ||
| 008 | 130507s1961##################000#0#####d | ||
| 003 | CEMS | ||
| 082 | 0 | 4 | |a 982.03 |
| 100 | 1 | |a Halperin Donghi, Tulio, Dir. | |
| 245 | 1 | 0 | |a Tradición política española e ideología revolucionaria de mayo / |c Tulio Halperin Donghi |
| 260 | |a Argentina : |b Eudeba, |c 1961 | ||
| 300 | |a 226 p. | ||
| 653 | |a Historia | ||
| 859 | |a CEMS |b BIB. CEMS - 11 de abril |h 982.03 |i H164 |p 5461.76 |t Ej.1 | ||
| 859 | |a CEMS |b BIB. CEMS - 11 de abril |h 982.03 |i H164 |p 5947.77 |t Ej.2 | ||
